000 00581nam a2200205Ia 4500
001 57345
008 140117n2010 ii |||gr||||Z||||||465
020 _a978-0-19-956608-2
082 _a305.
245 0 _aLondon Labour And The London Poor
_cHenry Mayhew
_hTextual Documents
250 _aIst ed.
260 _aDelhi
_bOxford university
_c2010
300 _a472pg:
_c20cm.
653 _aSociology
653 _aG- Sociology
653 _aLondon Labour And London Poor
700 _aMayhew , Henry ,
_eAuthor.
856 _uEdited by Robert Douglas Fairhurst
942 _2ddc
_cBK
999 _c57258
_d57258